00481nam a22001577a 450000500170000001000150001702000260003203500130005803700130007110000140008424500750009826000360017327000700020930000250027950000190030420140507102735.0 aENG-109831 a9789381904732c880.00 aEN-93364 bDBAD/PUB aJha, U.C.00aDrone wars :cby U.C. Jhabethical, legal and strategic implications / aNew DelhibKW Publishers c2014 a4676/21, First Floor, Ansari Road, Daryaganj, bNew Delhie110002 axvii,284p.c23cm(Hb) aIncludes index